00547 2200181 4500001002100000008004100021035002000062245006700082100001400149260004700163300001300210020002200223084001400245082000800259650005800267990001900325990002100344INLIS000000000001123 ind  a0010-0724001123 aAsal Usul Benda-Benda Di Sekitar Kita Tempoe DoeloecZaenuddin aZaenuddin aJakarta BaratbBuku Pintar Indonesiac2018 a337 hlm. a978-602-5849-00-8 a609 ZAE a a609 aSejarah Penemuan di Bidang Teknologi dan Ilmu Terapan aP29/CP/24/1123 aP29/CP/24/1123.1